000 00854nam a2200241 a 4500
999 _c11923
_d11923
001 11923
003 BD-JhCC
005 20201201113804.0
008 201201b20052014bg |||| ||a| 000 0 ben d
020 _a9789847210223
035 _a(BD-JhCC)11923
040 _aBD-JhCC
_dBD-JhCC
041 _aben
082 _a813.54
_bCLA 2014
100 _aক্লার্ক, আর্থার সি
245 _a৩০০১:
_bদ্য ফাইনাল ওডিসি /
_cআর্থার সি ক্লার্ক , অনুঃ মাকসুদুজ্জামান খান ।
260 _aঢাকা:
_bBC বুক ক্লাব;
_c২০১৪.
300 _a192 p. :
_c22 cm.
650 _aBengali Science Fiction
700 _aখান, মাকসুদুজ্জামান
942 _2ddc
_cBK